000 00225 a2200097 4500
001 14947
100 _aAbdul Hakim
245 _aThe metaphysics of Rumi
260 _aLahore
_bInst of Islamic culture
_c
090 _c11713
_d11713
942 _aNUST-CAE
_cM
_c1907
999 _c250020
_d250020